• 首页
  • 本馆介绍
  • 公告通知
  • 最新文献
  • 馆藏检索
  • 电子资源
  • 读者导购
  • 参考咨询
  • 我的图书馆
  • 登录
  • 详细信息显示
  • 放入我的书架
  • 预约/预借图书
  • 作者相关作品
  • 分类相关作品
  • 丛书相关作品
  • 出版社相关作品

书目信息

  • 表格格式
  • 工作单格式
  • 卡片格式
题名:
外语课堂游戏
    
 
作者: 谢贵华 编著
分册:  
出版信息: 广州   中山大学出版社  2006
页数: 356页
开本: 24cm
丛书名:
单 册:
中图分类: H3-42 , G633.4
科图分类:
主题词: 外语教学--课堂教学--教学法 , 外语教学 , 课堂教学 , 教学法 , 教育--各级
电子资源:
ISBN: 7-306-02766-2
000 01087nam0 2200313 450
001 012007412105
005 20070531112714.40
010    @a7-306-02766-2@dCNY38.00
100    @a20070427d2006 km y0chiy0120 ea
101 0  @achi@aeng
102    @aCN@b440000
105    @ay z 000yy
106    @ar
200 1  @a外语课堂游戏@Awai yu ke tang you xi@e设计与应用@f谢贵华编著@Fxie gui hua bian zhu
210    @a广州@c中山大学出版社@d2006
215    @a356页@d24cm
330    @a本书从理论视角探讨和分析了外语教学课堂游戏的意义、特点、原则以及设计和应用的方法,围绕听、说、读、写,词汇、语音、语法、修辞等语言技能的培训和语言知识的讲授阐述课堂游戏的设计和应用。全书共设计和收集了231则游戏。
510 1  @aForeign language classroom game@zeng
517 1  @a设计与应用@Ashe ji yu ying yong
606 0  @a外语教学@x课堂教学@x教学法
606 0  @a外语教学
606 0  @a课堂教学
606 0  @a教学法
606 0  @a教育@x各级
690    @aH3-42@v4
690    @aG633.4@v3
701  0 @a谢贵华@Axie gui hua@c(外语教学)@4编著
801  0 @aCN@bRULIN@c20070531
905    @dG633.4@e181@s8
    
    外语课堂游戏:设计与应用/谢贵华编著.-广州:中山大学出版社,2006
    356页;24cm
    
    
    ISBN 7-306-02766-2:CNY38.00
    本书从理论视角探讨和分析了外语教学课堂游戏的意义、特点、原则以及设计和应用的方法,围绕听、说、读、写,词汇、语音、语法、修辞等语言技能的培训和语言知识的讲授阐述课堂游戏的设计和应用。全书共设计和收集了231则游戏。
●
相关链接 在E读中查询图书 在五车中查询图书 在当当中查询图书 在豆瓣中查询图书


正题名:外语课堂游戏     索取号:G633.4/181         预约/预借

序号 登录号 条形码 馆藏地/架位号 状态 备注
1 0571124   205711247   第一样本阅览室/ [索取号:G633.4/181] 在馆    
2 0571125   205711256   第四借阅区/ [索取号:G633.4/181] 在馆    
3 0571126   205711265   第四借阅区/ [索取号:G633.4/181] 在馆    
4 0571127   205711274   第四借阅区/ [索取号:G633.4/181] 在馆    
5 0571128   205711283   第四借阅区/ [索取号:G633.4/181] 在馆    
6 0571129   205711292   第四借阅区/ [索取号:G633.4/181] 在馆    
7 0571130   205711309   第四借阅区/ [索取号:G633.4/181] 在馆    
8 0571131   205711318   第四借阅区/ [索取号:G633.4/181] 在馆    
唐山师范学院图书馆 欢迎您!
大连网信软件有限公司© 版权所有